000 00302nam a22001337a 4500
008 180104b xxu||||| |||| 00| 0 eng d
020 _a2901608716424
041 _aeng
080 _213TH
_a94
100 _a16
101 _aHIS
245 _aCONGRESS AND ITS MEMBERS
_cDAVIDSON,R.H
942 _2udc
_cBK
999 _c39714
_d39714